000
00248nam a2200097Ia 4500
001
715865
005
20250826162933.0
008
250824s9999 xx 000 0 und d
245
0
_a
BİN MUHTEŞEM GÜNEŞ
_c
KHALED HOSSEINI
260
_b
EVEREST YAYINLARI
999
_c
715865
_d
715865